The making and shaping of the Victorian teacher : a comparative new cultural history /

Bibliographic Details
Main Author: Larsen, Marianne A.
Corporate Author: ebrary, Inc
Format: eBook
Language:English
Published: Houndmills, Basingstoke, Hampshire ; New York : Palgrave Macmillan, [2011]
Subjects:
Online Access:Connect to the full text of this electronic book

MARC

Tag First Indicator Second Indicator Subfields
LEADER 00000cam a2200000 a 4500
001 in00002723607
006 m d
007 cr cn|||||||||
008 110322s2011 enk ob 001 0 eng d
005 20250816205840.0
010 |z  2011012059 
020 |z 9780230241282 (alk. paper) 
020 |z 9780230306363 (e-book) 
035 |a (CaPaEBR)ebr10490580 
040 |a CaPaEBR  |c CaPaEBR  |d UtOrBLW 
043 |a e-uk-en 
050 1 4 |a LA631.7  |b .L37 2011eb 
082 0 4 |a 379.41  |2 22 
100 1 |a Larsen, Marianne A. 
245 1 4 |a The making and shaping of the Victorian teacher :  |b a comparative new cultural history /  |c Marianne A. Larsen. 
264 1 |a Houndmills, Basingstoke, Hampshire ;  |a New York :  |b Palgrave Macmillan,  |c [2011] 
264 4 |c ©2011 
300 |a x, 232 pages 
336 |a text  |b txt  |2 rdacontent 
337 |a computer  |b c  |2 rdamedia 
338 |a online resource  |b cr  |2 rdacarrier 
504 |a Includes bibliographical references and index. 
505 0 |a pt. 1. Contemporary, comparative and historical contexts -- pt. 2. Discourses of the Victorian teacher -- pt. 3. Making and shaping the Victorian teacher. 
533 |a Electronic reproduction.  |b Palo Alto, Calif. :  |c ebrary,  |d 2011.  |n Available via World Wide Web.  |n Access may be limited to ebrary affiliated libraries. 
500 |a Electronic resource. 
650 0 |a Education  |z England  |x History  |y 19th century. 
650 0 |a Education  |x Aims and objectives  |z England  |x History  |y 19th century. 
650 0 |a Education, Elementary  |z England  |x History  |y 19th century. 
650 0 |a Education and state  |z England  |x History  |y 19th century. 
650 0 |a Elementary school teachers  |z England  |x History  |y 19th century. 
650 0 |a Education  |x Social aspects  |z England  |x History  |y 19th century. 
650 0 |a Educational change  |z England  |x History  |y 19th century. 
650 0 |a Educational change  |x History. 
655 7 |a Electronic books.  |2 local 
710 2 |a ebrary, Inc. 
856 4 0 |u https://ebookcentral.proquest.com/lib/tamucs/detail.action?docID=741946  |y Connect to the full text of this electronic book  |t 0 
980 |a 110927  |b 80  |c USD  |e 80  |f YBP_EBR0000021262  |g 1 
999 f f |s 17f2b079-e06c-34ac-9570-f8a4eadea70e  |i 7d33b09a-28e1-35c7-9f8f-ca29cbede200  |t 0 
999 |a MARS 
952 f f |a Texas A&M University  |b College Station  |c Electronic Resources  |d Available Online  |t 0  |e LA631.7 .L37 2011eb  |h Library of Congress classification 
998 f f |a LA631.7 .L37 2011eb  |t 0  |l Available Online